Statistiques concernant Les jeux de la ZLan

Cliquez ici pour prendre le quiz!

Statistiques générales

  • Ce quiz a été pris 76 fois
    (62 depuis la dernière actualisation)
  • Le résultat moyen est 22 sur 54

Statistiques - réponses

Jeux% Correct
Trackmania
92%
Trackmania
92%
Trackmania
92%
Minecraft
90%
Minecraft
90%
Minecraft
90%
Valorant
69%
Worms WMD
69%
Worms WMD
69%
Worms WMD
69%
Worms WMD
69%
Fall Guys
65%
Fall Guys
65%
Shootmania
65%
Shootmania
65%
Puzzle
58%
La Dictée
52%
Elden Ring
50%
You Suck at Parking
50%
PlayerUnknown's Battlegrounds
48%
Calcul Mental
46%
Zutom
46%
Pétanque
40%
Apex Legends
38%
Golf It
38%
Super Smash Bros. Ultimate
38%
Valheim
38%
Garry's Mod
35%
Powerwash Simulator
35%
Northgard
33%
Farming Simulator 19
29%
Geoguessr
29%
H1Z1
29%
Trials Rising
29%
World of Warcraft
29%
Age of Empires II: Definitive Edition
27%
Quake Live
27%
Rocket League
27%
Hotwheels Unleashed
25%
Civilization VI
23%
Riders Republic
23%
Starcraft II
19%
Disc Jam
17%
Portal 2
17%
Age of Empire IV
13%
Heave Ho
13%
Overcooked 2
10%
Pro Soccer Online
10%
Battlerite
6%
Super Bomberman R
2%
Tiercé
2%
Battlerite Royale
0%
Chamboule-toute
0%
Warcraft III
0%

Distribution des résultats

Percentile par nombre de réponses

% des personnes avec chaque résultat

Votre développement - résultats

Vous n’avez pas pris ce quiz depuis la dernière actualisation